Managerial economics

Bewaard in:
Bibliografische gegevens
Hoofdauteur: Pappas, James L.
Formaat: Boek
Taal:Undetermined
Gepubliceerd in: Hinsdale Holt-Saunders International Editions 1979
Onderwerpen:
Tags: Voeg label toe
Geen labels, Wees de eerste die dit record labelt!
Thư viện lưu trữ: Trung tâm Học liệu Trường Đại học Cần Thơ
LEADER 00514nam a2200181Ia 4500
001 CTU_82348
008 210402s9999 xx 000 0 und d
082 |a 658.1 
082 |b P213 
100 |a Pappas, James L. 
245 0 |a Managerial economics 
245 0 |c James L. Pappas, Eugene F. Brigham 
260 |a Hinsdale 
260 |b Holt-Saunders International Editions 
260 |c 1979 
650 |a Managerial economics 
904 |i Trọng Hải 
980 |a Trung tâm Học liệu Trường Đại học Cần Thơ